Introduction to sociology (A) (Record no. 9330)

MARC details
000 -LEADER
fixed length control field 00676cam a2200229ua 4500
008 - FIXED-LENGTH DATA ELEMENTS--GENERAL INFORMATION
fixed length control field 180404n ii |||gr||||Z||||||asm
020 ## - INTERNATIONAL STANDARD BOOK NUMBER
International Standard Book Number 9788192276557
040 ## - CATALOGING SOURCE
Transcribing agency MAIN
082 ## - DEWEY DECIMAL CLASSIFICATION NUMBER
Classification number 301
100 ## - MAIN ENTRY--PERSONAL NAME
Personal name Bora, Prabhas Kumar,
Relator term
245 ## - TITLE STATEMENT
Title Introduction to sociology (A)
Statement of responsibility, etc. By Prabhas Kumar Bora and others
250 ## - EDITION STATEMENT
Edition statement 1st ed.
260 ## - PUBLICATION, DISTRIBUTION, ETC.
Place of publication, distribution, etc. Jorhat:
Name of publisher, distributor, etc. Grantha sanskriti edu cell,
Date of publication, distribution, etc. 2012.
300 ## - PHYSICAL DESCRIPTION
Extent 171p.
700 ## - ADDED ENTRY--PERSONAL NAME
Personal name Hazarika, Ganesh Chandra,
Relator term
700 ## - ADDED ENTRY--PERSONAL NAME
Personal name Kashyap, Rasmita Chaliha,
Relator term
700 ## - ADDED ENTRY--PERSONAL NAME
Personal name Borgohain, Himanta Pratim,
Relator term
942 ## - ADDED ENTRY ELEMENTS (KOHA)
Koha item type Books
653 ## - INDEX TERM--UNCONTROLLED
Uncontrolled term Sociology & anthropology
653 ## - INDEX TERM--UNCONTROLLED
Uncontrolled term Samajtattwa parichay
Holdings
Withdrawn status Lost status Damaged status Not for loan Home library Current library Shelving location Date acquired Total Checkouts Full call number Barcode Date last seen Date last checked out Copy number Price effective from Koha item type
        Central Library, Naharkatiya College Central Library, Naharkatiya College General Stacks 19/09/2020 4 301 | INT 25368 19/12/2023 17/11/2023 1 19/09/2020 Books
        Central Library, Naharkatiya College Central Library, Naharkatiya College General Stacks 19/09/2020 2 301 | INT 25369 18/12/2023 30/11/2023 2 19/09/2020 Books
        Central Library, Naharkatiya College Central Library, Naharkatiya College General Stacks 19/09/2020 3 301 | INT 25370 22/11/2025 26/08/2025 3 19/09/2020 Books

Naharkatiya College © 2020. All rights reserved.

Powered By